书目信息 |
| 题名: |
多媒体课件制作教程
|
|
| 作者: | 陈芳林 , 马广月 , 刘桂玲 主编 | |
| 分册: | ||
| 出版信息: | 北京 电子工业出版社 2003.01 |
|
| 页数: | 482页 | |
| 开本: | 26cm | |
| 丛书名: | ||
| 单 册: | ||
| 中图分类: | TP311.56 | |
| 科图分类: | ||
| 主题词: | 软件 | |
| 电子资源: | ||
| ISBN: | 7-5053-8147-4 | |
| 000 | 00700nam0 2200217 45 | |
| 001 | 0455585920 | |
| 005 | 2004092115262592 | |
| 010 | @a7-5053-8147-4@d39.00CNY | |
| 100 | @a20040921d2003 km y0chiy0120 ea | |
| 101 | 0 | @achi |
| 102 | @aCN@b110000 | |
| 200 | 1 | @a多媒体课件制作教程@ADuo Mei Ti Ke Jian Zhi Zuo Jiao Cheng@f陈芳林,马广月,刘桂玲主编@FChen Fang Lin,Ma Guang Yue,Liu Gui Ling Zhu Bian |
| 210 | @a北京@c电子工业出版社@d2003.01 | |
| 215 | @a482页@d26cm | |
| 606 | 0 | @a软件 |
| 690 | @aTP311.56@v4 | |
| 701 | 0 | @a陈芳林@AChen Fang Lin@4主编 |
| 701 | 0 | @a马广月@AMa Guang Yue@4主编 |
| 701 | 0 | @a刘桂玲@ALiu Gui Ling@4主编 |
| 801 | 0 | @aCN@bPFT@c20040921 |
| 905 | @a平顶山工学院@dTP311.56@eC413 | |
| 多媒体课件制作教程/陈芳林,马广月,刘桂玲主编.-北京:电子工业出版社,2003.01 |
| 482页;26cm |
| ISBN 7-5053-8147-4:39.00CNY |
| ● |
| 相关链接 |
|
|
|
正题名:多媒体课件制作教程
索取号:TP311.56/C413
 
预约/预借
| 序号 | 登录号 | 条形码 | 馆藏地/架位号 | 状态 | 备注 |
| 1 | 395288 | 203952883 | 自科二线404/404自科库 18排3列1层/ [索取号:TP311.56/C413] | 在馆 | |
| 2 | 395289 | 203952892 | 期刊室512/301自科库 43排2列5层/ [索取号:TP311.56/C413] | 在馆 | |
| 3 | 395290 | 203952909 | 自科库301/ [索取号:TP311.56/C413] | 在馆 |